Crossword: Sleepless from Seattle Quiz Stats

 Plays Quiz Updated Jun 27, 2014

Support Sporcle.
Go Orange.
Score 0/194 Timer 20:00
1 Play Today
% Correct
E 
91.9%
L 
90.8%
N 
89.6%
I 
89.5%
N 
86.5%
S 
86.4%
S 
85.3%
H 
83.7%
E 
83.5%
S 
83.1%
C 
82.7%
F 
81.6%
I 
81.6%
L 
81.5%
R 
81.4%
E 
81.2%
C 
81.1%
A 
81%
S 
80.8%
S 
80.6%
L 
80.6%
E 
80.5%
L 
80.3%
S 
80.3%
R 
80.1%
L 
80%
N 
79.8%
Z 
79.6%
V 
79.3%
E 
79.1%
E 
78.1%
I 
77.9%
I 
77.7%
P 
77.5%
R 
77.4%
A 
77.3%
N 
77.3%
I 
77%
R 
76.8%
E 
76.6%
P 
76.6%
E 
76.2%
Z 
75.7%
A 
75.7%
D 
75.6%
L 
75.4%
O 
75.4%
A 
75.3%
I 
75.3%
A 
75.2%
S 
75.2%
I 
75%
E 
75%
S 
74.8%
O 
74.4%
E 
74%
T 
74%
P 
73.9%
D 
73.6%
U 
73.4%
O 
73.3%
I 
73.2%
L 
73.2%
S 
73%
R 
72.9%
% Correct
T 
72.8%
L 
72.4%
B 
72.3%
P 
72.3%
K 
72.1%
N 
71.8%
L 
71.4%
O 
71.3%
S 
71.1%
E 
70.9%
Z 
70.9%
N 
70.8%
E 
70.8%
I 
70.8%
E 
70.7%
A 
70.4%
R 
70%
L 
70%
A 
69.9%
O 
69.9%
A 
69.6%
T 
69.3%
O 
69.2%
E 
68.9%
E 
68.6%
T 
68.1%
E 
68.1%
A 
68%
R 
68%
E 
67.9%
I 
67.9%
I 
67.8%
N 
67.4%
G 
67.1%
M 
66.3%
D 
66.1%
R 
66%
T 
65.9%
E 
65.7%
E 
65.6%
H 
65.5%
U 
65.4%
B 
65.3%
S 
65.2%
T 
65.1%
T 
64.6%
R 
64.6%
B 
64.4%
T 
64.4%
A 
64.1%
H 
64%
N 
63.6%
M 
63.6%
S 
63.5%
P 
63.4%
R 
63.2%
L 
63.2%
I 
63%
A 
62.8%
Y 
62.8%
S 
62.3%
C 
62.2%
H 
62%
E 
62%
N 
61.9%
% Correct
A 
61.8%
A 
61.7%
G 
61.7%
T 
61.5%
A 
61.5%
S 
61.4%
S 
61.2%
P 
61.2%
O 
61.2%
A 
61.1%
H 
61%
T 
60.9%
G 
60.4%
B 
60.4%
C 
60.3%
U 
60%
T 
59.8%
N 
59.7%
I 
59.7%
R 
59.4%
M 
59.1%
E 
58.2%
C 
58%
E 
57.8%
L 
57.1%
R 
56.9%
O 
56.4%
N 
55.9%
L 
55.8%
S 
55.7%
P 
54.9%
R 
54.7%
E 
54.7%
T 
54.3%
D 
52.9%
N 
52.3%
T 
51.8%
R 
50.9%
R 
50.7%
E 
50.5%
C 
50.4%
U 
49.7%
A 
49.6%
M 
49.5%
A 
49.4%
S 
49.2%
S 
49.2%
T 
49%
S 
48.8%
C 
48.7%
E 
48.6%
C 
48.3%
A 
48.2%
E 
48.1%
R 
48%
W 
47.8%
E 
47.7%
S 
47.5%
A 
47.2%
D 
46.7%
S 
46.6%
G 
45.6%
S 
44.2%
E 
44%

You're not logged in!

Compare scores with friends on all Sporcle quizzes.
OR
Log In

From the Vault

History on Family Guy

by Michiel

If it was on Family Guy then it must be true.
Remove Ads.
Support Sporcle.
Get the best of Sporcle when you Go Orange. This ad-free experience offers more features, more stats, and more fun while also helping to support Sporcle. Thank you for becoming a member.

Show Comments

Extras

Top Quizzes Today


Score Distribution

Your Account Isn't Verified!

In order to create a playlist on Sporcle, you need to verify the email address you used during registration. Go to your Sporcle Settings to finish the process.

Report this User

Report this user for behavior that violates our Community Guidelines.

Details: